• 首页
  • 本馆介绍
  • 公告通知
  • 最新文献
  • 馆藏检索
  • 电子资源
  • 读者导购
  • 参考咨询
  • 我的图书馆
  • 登录
  • 详细信息显示
  • 放入我的书架
  • 预约/预借图书
  • 作者相关作品
  • 分类相关作品
  • 丛书相关作品
  • 出版社相关作品

书目信息

  • 表格格式
  • 工作单格式
  • 卡片格式
书名: Aviation weather services
作者:
分册号:
分册名:
出版地: Washington,D.C.,
 
出版社:
出版时间: 1985.
页数: 1book ;
开本: 26cm.
丛书名:
中图分类号:
科图分类号:
其他分类号: P49:V
主题词:
电子资源:
000 00397nam 2200145 a 4500
001 E0734535203
005 20070407094745.07
008 070407s1985 00010 eng
020    @a1-56027-087-X.
040    @aPFT@beng
090    @aP49:V
099    @dP49:V@ex18
245    @aAviation weather services :@bA Supplement to Aviation Weather AC 00-6A.
260    @aWashington,D.C.,@c1985.
300    @a1book ;@c26cm.
    
    Aviation weather services : : A Supplement to Aviation Weather AC 00-6A.-Washington,D.C., , 1985.
    1book ; ; 26cm.
    
    
    ISBN 1-56027-087-X.
    
●
相关链接 在E读中查询图书 在五车中查询图书 在当当中查询图书 在豆瓣中查询图书


正题名:Aviation weather services     索取号:P49:V/x18         预约/预借

序号 登录号 条形码 馆藏地/架位号 状态 备注
1 3873   300038732   第二样本阅览室/ [索取号:P49:V/x18] 在馆    
2 3874   300038741   第四借阅区/ [索取号:P49:V/x18] 在馆    
3 3875   300038750   第四借阅区/ [索取号:P49:V/x18] 在馆    
唐山师范学院图书馆 欢迎您!
大连网信软件有限公司© 版权所有